000 00331nam a2200145Ia 4500
008 191201s2008 xx 000 0 und d
082 _a005.133
_bGUC
100 _aGUELICH, Scott
245 0 _aCGI Programming with Perl
250 _aRep
260 _aN. delhi
_bSPD
_c2008
300 _a451+22
650 _aMCA
942 _2ddc
_cBK
999 _c4717
_d4717